000 00894cad a22002055a 4500
001 L156862
008 120723s2012 xxk f 000 0 eng d
035 _a(Sirsi) u156862
041 0 _aeng
100 1 _aUdom, Koko
110 2 _aNational Buildings Specification
_95911
245 0 0 _aRIBA Enterprises and Kennedy LLP legal counsels' breakfast meeting on BIM legal issues
_h[electronic resource]
260 _a[S.l.]
_bNBS $2 012
520 _aObservations from a recent meeting of RIBA Enterprises and leading lawyers who discussed the various risks issues that need to be addressed for the smooth adoption of BIM at stage 2 of the UK BIM maturity index.
590 _aKA NTK
651 4 _aUnited Kingdom
_y
690 _aBIM
_96219
856 4 0 _uhttps://www.thenbs.com/topics/BIM/articles/legalCounselsBreakfastMeeting.asp
_zView the item free of charge at www.thenbs.com
942 _n0
999 _c114456
_d114456